zpět

Detail výsledku týmu

Třiadvacítka, Mělník

Datum a čas kvízu

29.5 Celkem bodů Celkový počet nahraných bodů na tomto kvízu bez doplňovacích otázek.
5. Pořadí na kvízu Konečné umístění týmu na tomto kvízu.

Zaznamenané odpovědi

# Otázka Odpověď Body Výsledky
1. Který český politik zveřejnil... Vít Rakušan 0
2. Na mezinárodní vesmírnou stani... americká (3 členové), ruská (1 člen) 1
3. V sobotu se v pražském Rudolfi... Přišla v noci, Bratři 0
4. Ve středu vstoupila na český t... Partners 1
5. V pondělí byl představen ofici... Invalidovna 0
6. Začneme prvním českým králem p... Rudolf (I. Habsburský) 0
7. Další „slavnou“ prohrou, která... stoletá válka 0
8. Za naši slavnou prohru lze ozn... D 0
9. Bitva na Bílé hoře zpečetila o... listopad 1620 0.5
10. Napište jména dvou mužů, kteří... Neville Chamberlain, Édouard Daladier 0.5